Normal view
MARC view
- تاليف كرومر، لورد؛ ترجمة عرابي، عبد العزيز؛ تقديم مرقص، يواقيم رزق
Entry Personal Name
001 - CONTROL NUMBER
- control field: 40175
003 - CONTROL NUMBER IDENTIFIER
- control field: JO-AjAnu
005 - DATE AND TIME OF LATEST TRANSACTION
- control field: 20230606080656.0
008 - FIXED-LENGTH DATA ELEMENTS
- fixed length control field: 230606|| aca||aabn | a|a d
040 ## - CATALOGING SOURCE
- Original cataloging agency: JO-AjAnu
- Transcribing agency: JO-AjAnu
100 ## - HEADING--PERSONAL NAME
- Personal name: تاليف كرومر، لورد؛ ترجمة عرابي، عبد العزيز؛ تقديم مرقص، يواقيم رزق
670 ## - SOURCE DATA FOUND
- Source citation: Work cat.: (JO-AjAnu)20595: تاليف كرومر، لورد؛ ترجمة عرابي، عبد العزيز؛ تقديم مرقص، يواقيم رزق, author, الثورة العرابية